000 00513nam a22001937a 4500
003 koha_MIRAKIL
005 20231213100023.0
008 231213b |||||||| |||| 00| 0 ||| d
020 _b978-9-75141252-2
040 _aTR-IsEVY
_btur
_cTR-IsEVY
082 _a741.5 GOS/A
100 _aGoscinny, Rene.
245 0 _aAsteriks
_bGalya’da okullar açılıyor
260 _bRemzi Kitabevi,
_c2008
300 _a56 s.
650 _aÇizgi roman, Fransız.
650 _aComic books, French.
942 _2ddc
_cBK
999 _c13222
_d13222